000 01873 a2200217 4500
001 15168
005 20260407155449.0
008 260407a1997 arg spa d
003 AR-UNSa-BCEJYS
040 _aAR-UNSa-BCEJYS
_bspa
_cAR-UNSa-BCEJYS
080 _a658.011.56
_xAutomatización
245 1 0 _aIntranets, empresa y gestión documental
_pcómo enfocar en la práctica la tecnología desde la necesidad de eficiencia en todo tipo de empresas
020 _a84-481-1062-5
264 1 _aMadrid :
_bMcGraw-Hill
_c1997
300 _axviii, 264 p.
_c23 cm.
505 _a1. Centrándonos en la gestión documental - 2. Lo que hacemos - 3. Lo que queremos hacer. ¿Qué necesidades tenemos? - 4. ¿En qué consiste un sistema de gestión documental? - 5. World Wide Web y las intranets - 6. Los subsistemas de base de datos documental y el correo electrónico - 7. Los subsistemas de imágenes y de OCR - 8. Los subsistemas de base de datos relacional, ofimática y thesaurus - 9. Características de la plataforma que debe soportar a la gestión documental - 10. Aplicaciones concretas de gestión documental - 11. Enfoque general de las operaciones necesarias para implantar un sistema de gestión documental - 12. El análisis y diseño del sistema de gestión documental. Generalidades y análisis - 13. El análisis y diseño del sistema de gestión documental. Diseño y conclusiones - 14. La fase de integración, desarrollo y pruebas del sistema de gestión documental - 15. La implantación del sistema de gestión documental - 16. La fase de administración y mantenimiento del sistema de gestión documental - 17. Estudio de riesgos. Análisis coste/beneficio
942 _cBK
590 _aniveau_biblio:m niveau_hierar:0
100 1 _aSiminiani, Mariano
856 4 1 _uhttps://www.biblioeco.unsa.edu.ar/pmb/images/libros/15168.jpg
_yImagen de portada
_qimage/jpeg
999 _c616
_d616